| 000 | 00810nam a2200253 a 4500 | ||
|---|---|---|---|
| 001 | BRCA_5943 | ||
| 005 | 20190320205254.0 | ||
| 008 | 240311s1922----nyua######---#000-0#eng-# | ||
| 041 | _aeng | ||
| 044 | _anyu | ||
| 050 | 4 |
_aN7830 _b.I56 1922 |
|
| 100 | 1 |
_aInman, Thomas _d1820-1876 _915010 |
|
| 245 | 1 | 0 |
_aAncient pagan and modern Christian symbolism _cby Thomas Inman ; with an essay on Baal worship, on the Assyrian sacred ´grove´, and other allied symbols by John Newton. |
| 250 | _a4 | ||
| 260 |
_aNueva York _bP. Eckler _c1922 |
||
| 300 |
_axxxix, 147 p. _bil., 19 láminas _c21 cm. |
||
| 500 | _aIncluye índice alfabético | ||
| 500 | _aG74 | ||
| 650 | 1 | 4 |
_aArte y simbolismo cristianos _94853 |
| 650 | 1 | 4 |
_aSimbolismo _915011 |
| 700 | 1 |
_aNewton, John _915012 |
|
| 902 | _aGFM | ||
| 942 |
_2lcc _cB |
||
| 999 |
_c5632 _d5632 |
||